[Event "Santa Margalida Mallorca-ch"]
[Site "Santa Margalida"]
[Date "2016.11.26"]
[Round "6"]
[White "Figuerola Campins, Antonio"]
[Black "Hermida Izquierdo, Miguel Angel"]
[Result "1-0"]
[WhiteElo "1837"]
[BlackElo "1688"]
[PlyCount "61"]
[EventDate "2016.11.11"]
[EventType "swiss"]
[EventRounds "8"]
[EventCountry "ESP"]
[SourceTitle "EXT 2018"]
[Source "ChessBase"]
[SourceDate "2017.10.13"]
[SourceVersion "1"]
[SourceVersionDate "2017.10.13"]
[SourceQuality "1"]

1. e4 c5 2. Nf3 d6 3. d4 cxd4 4. Nxd4 Nc6 5. Nc3 Nf6 6. Bc4 g6 7. f3 Bd7 8. Be3 Bg7 9. Qd2 Rc8 10. Bb3 Ne5 11. Bh6 Bxh6 12. Qxh6 Nc4 13. 0-0-0 Rg8 14. Nd5 Nxd5 15. exd5 Qa5 16. Qxh7 Rf8 17. Rhe1 Ba4 18. Qh4 Ne5 19. Kb1 Bxb3 20. Nxb3 Qc7 21. Qa4+ Kd8 22. Nd4 a6 23. Re3 Rh8 24. f4 Ng4 25. Rg3 Rh4 26. h3 Nf2 27. Rf1 Ne4 28. Rxg6 Nd2+ 29. Kc1 b5 30. Qxa6 Nxf1 31. Rg8+ 1-0

[Event "Santa Margalida Mallorca-ch"]
[Site "Santa Margalida"]
[Date "2016.11.25"]
[Round "5"]
[White "Martorell Prats, Antonio"]
[Black "Figuerola Campins, Antonio"]
[Result "0-1"]
[WhiteElo "1593"]
[BlackElo "1837"]
[PlyCount "66"]
[EventDate "2016.11.11"]
[EventType "swiss"]
[EventRounds "8"]
[EventCountry "ESP"]
[SourceTitle "EXT 2018"]
[Source "ChessBase"]
[SourceDate "2017.10.13"]
[SourceVersion "1"]
[SourceVersionDate "2017.10.13"]
[SourceQuality "1"]

1. e4 c5 2. Nf3 g6 3. d4 cxd4 4. Nxd4 Bg7 5. c4 Nc6 6. Be3 Nf6 7. Nc3 Ng4 8. Nc2 Nxe3 9. Nxe3 Qa5 10. Qd2 0-0 11. Be2 Nd4 12. Bd3 Nb3 13. axb3 Qxa1+ 14. Ned1 Qa5 15. 0-0 d6 16. Qc2 Bd4 17. Nd5 e6 18. b4 Qd8 19. N5e3 a5 20. b5 Qb6 21. Qe2 f5 22. Nc2 e5 23. Nc3 Bxc3 24. bxc3 Be6 25. exf5 Bxf5 26. Bxf5 Rxf5 27. Ne3 Rf7 28. Qd2 Qc5 29. Rd1 a4 30. Nd5 a3 31. Ra1 Raf8 32. Qe3 Qxc4 33. Rxa3 Qxd5 0-1

[Event "Palma de Mallorca op U2200"]
[Site "Palma de Mallorca"]
[Date "2013.01.15"]
[Round "4"]
[White "Figuerola Campins, Antonio"]
[Black "Gromovs, Sergejs"]
[Result "0-1"]
[WhiteElo "1889"]
[BlackElo "2001"]
[PlyCount "56"]
[EventDate "2013.01.12"]
[EventType "swiss"]
[EventRounds "9"]
[EventCountry "ESP"]
[SourceTitle "EXT 2014"]
[Source "ChessBase"]
[SourceDate "2013.11.20"]
[SourceVersion "1"]
[SourceVersionDate "2013.11.20"]
[SourceQuality "1"]

1. e4 d6 2. d4 Nf6 3. Nc3 g6 4. f3 Nbd7 5. Bc4 c6 6. a4 d5 7. exd5 Nb6 8. Bb3 Nbxd5 9. Nxd5 cxd5 10. Bf4 Bg7 11. Qd2 0-0 12. Ne2 a5 13. 0-0 b6 14. Rfe1 Ba6 15. Bh6 Rc8 16. Bxg7 Kxg7 17. Nf4 Qd6 18. Re5 e6 19. Nd3 Bc4 20. Bxc4 dxc4 21. Nf2 Rfd8 22. Rd1 Qb4 23. Qxb4 axb4 24. Rb5 Nd5 25. a5 bxa5 26. Rxa5 Ne3 27. Rd2 c3 28. bxc3 Nc4 0-1

[Event "Palma de Mallorca op U2200"]
[Site "Palma de Mallorca"]
[Date "2013.01.13"]
[Round "2"]
[White "Figuerola Campins, Antonio"]
[Black "Torres Tur, Juan"]
[Result "0-1"]
[WhiteElo "1889"]
[BlackElo "2045"]
[PlyCount "88"]
[EventDate "2013.01.12"]
[EventType "swiss"]
[EventRounds "9"]
[EventCountry "ESP"]
[SourceTitle "EXT 2014"]
[Source "ChessBase"]
[SourceDate "2013.11.20"]
[SourceVersion "1"]
[SourceVersionDate "2013.11.20"]
[SourceQuality "1"]

1. e4 c5 2. Nf3 d6 3. d4 cxd4 4. Nxd4 Nf6 5. Nc3 g6 6. f3 Bg7 7. Be3 0-0 8. Bc4 Nc6 9. Qd2 Bd7 10. h4 Rc8 11. Bb3 h5 12. 0-0-0 Ne5 13. Bh6 Nc4 14. Bxc4 Rxc4 15. Bxg7 Kxg7 16. Qg5 Rc5 17. Nd5 Nxd5 18. exd5 f6 19. Qe3 Rxd5 20. Qb3 Rc5 21. Qxb7 Qc7 22. Qxc7 Rxc7 23. Rhe1 Kf7 24. Re2 Rfc8 25. c3 a5 26. Red2 a4 27. a3 Rc4 28. g3 g5 29. hxg5 fxg5 30. Rh1 Kg6 31. Rdh2 Rxd4 32. Rxh5 Rd3 33. Rh6+ Kf5 34. Rh7 Rxf3 35. Rxe7 Be6 36. g4+ Kf6 37. Reh7 Bxg4 38. R1h6+ Ke5 39. Rg7 Rf1+ 40. Kd2 Kf4 41. Rf6+ Bf5 42. Rxd6 Rf2+ 43. Ke1 Rxb2 44. Rd4+ Ke5 0-1

[Event "Alcudia Belleuve"]
[Site "Alcudia"]
[Date "2012.10.20"]
[Round "7.15"]
[White "Contreras Cabot, Marc"]
[Black "Figuerola Campins, Antonio"]
[Result "0-1"]
[WhiteElo "1805"]
[BlackElo "1919"]
[PlyCount "120"]
[EventDate "2012.10.14"]
[EventType "swiss"]
[EventRounds "9"]
[EventCountry "ESP"]
[SourceTitle "EXT 2024"]
[Source "ChessBase"]
[SourceDate "2023.10.10"]
[SourceVersion "1"]
[SourceVersionDate "2023.10.10"]
[SourceQuality "1"]

1. e4 c5 2. Nf3 Nc6 3. d4 cxd4 4. Nxd4 g6 5. Be3 Bg7 6. Nc3 Nf6 7. Bc4 0-0 8. f3 Qb6 9. Bb3 Nxe4 10. fxe4 Bxd4 11. Bh6 Bg7 12. Qd2 Qd4 13. 0-0-0 Qxd2+ 14. Bxd2 Na5 15. Ba4 Nc4 16. Bg5 f6 17. Bh4 Ne3 18. Rd2 Bh6 19. Kb1 Nf5 20. exf5 Bxd2 21. Nd5 b5 22. Bb3 e6 23. Bxf6 gxf5 24. Be5 Bb7 25. Nf6+ Kf7 26. Nxd7 Rfd8 27. Nc5 Bd5 28. Rd1 Be3 29. Nd3 Bxb3 30. axb3 Rd5 31. Rf1 Bd4 32. Bc7 Rd7 33. Ba5 Rg8 34. g3 Kf6 35. Re1 e5 36. Re2 e4 37. Nf4 Be5 38. Ng2 Rd1+ 39. Ka2 Bd4 40. Nf4 Rc8 41. Bb4 Rc6 42. c3 Ra6+ 43. Ba3 Bc5 44. b4 Bd6 45. Ng2 Be5 46. Kb3 Rad6 47. Kc2 Ke6 48. Rf2 R1d3 49. Re2 Rf3 50. Nh4 Rf1 51. Ng2 Bg7 52. Nf4+ Ke5 53. Rg2 Bh6 54. Ne2 Rd2+ 55. Kb3 Re1 56. Nd4 Rxg2 57. Nc6+ Kf6 58. Nxa7 e3 59. Nxb5 Rd1 60. Nd4 Rxd4 0-1

[Event "Mallorca-chT Preferente"]
[Site "Palma de Mallorca"]
[Date "2012.03.31"]
[Round "9.2"]
[White "March Morla, David"]
[Black "Figuerola Campins, Antonio"]
[Result "1/2-1/2"]
[WhiteElo "2060"]
[BlackElo "1901"]
[PlyCount "100"]
[EventDate "2012.01.28"]
[EventType "team"]
[EventRounds "9"]
[EventCountry "ESP"]
[SourceTitle "EXT 2014"]
[Source "ChessBase"]
[SourceDate "2013.11.20"]
[SourceVersion "1"]
[SourceVersionDate "2013.11.20"]
[SourceQuality "1"]
[WhiteTeam "Mate en Dos"]
[BlackTeam "Inca"]
[WhiteTeamCountry "ESP"]
[BlackTeamCountry "ESP"]

1. e4 c5 2. Nf3 g6 3. g3 b6 4. Bg2 Bb7 5. d3 Bg7 6. 0-0 d6 7. c3 e6 8. Re1 Ne7 9. d4 0-0 10. Nbd2 h6 11. h4 Kh7 12. h5 e5 13. Nf1 Nd7 14. hxg6+ fxg6 15. N1h2 exd4 16. cxd4 Nf6 17. e5 dxe5 18. dxe5 Ne4 19. Qc2 Bxe5 20. Rxe4 Bxe4 21. Qxe4 Qd1+ 22. Nf1 Bd6 23. b3 Rad8 24. Bb2 Qd5 25. Qxd5 Nxd5 26. Rd1 Nb4 27. a3 Na6 28. Ne3 Nc7 29. Nc4 Be7 30. Rxd8 Rxd8 31. Kf1 Ne6 32. Nfe5 b5 33. Ne3 Rd2 34. Bc1 Ra2 35. Ke1 Nd4 36. Nc6 Ra1 37. Nxe7 Rxc1+ 38. Kd2 Nxb3+ 39. Ke2 Nd4+ 40. Kd2 Ra1 41. Nc2 Ra2 42. Be4 Nxc2 43. Bxg6+ Kg7 44. Bxc2 Rxa3 45. Nf5+ Kg6 46. Nd6+ Kg5 47. Nxb5 Ra2 48. Nc3 Ra5 49. Kd3 h5 50. Ne4+ Kf5 1/2-1/2

[Event "Mallorca-ch D1"]
[Site "Palma de Mallorca"]
[Date "2000.11.04"]
[Round "3"]
[White "Salas Moya, Jaume"]
[Black "Figuerola Campins, Antonio"]
[Result "1-0"]
[WhiteElo "2048"]
[BlackElo "2003"]
[PlyCount "55"]
[EventDate "2000.??.??"]
[EventType "swiss"]
[EventRounds "8"]
[EventCountry "ESP"]
[SourceTitle "EXT 2003"]
[Source "ChessBase"]
[SourceDate "2002.11.25"]
[SourceVersion "1"]
[SourceVersionDate "2002.11.25"]
[SourceQuality "1"]

1. d4 g6 2. c4 Bg7 3. Nc3 d6 4. e4 Nc6 5. Nf3 Bg4 6. Be3 e5 7. d5 Nd4 8. Be2 Nxe2 9. Qxe2 f5 10. exf5 gxf5 11. h3 Bh5 12. g4 fxg4 13. Ng5 Nf6 14. Ne6 Qe7 15. Bg5 c6 16. Ne4 g3 17. Nxf6+ Bxf6 18. Qxh5+ Kd7 19. Bxf6 gxf2+ 20. Kxf2 Qxf6+ 21. Ke2 cxd5 22. cxd5 e4 23. Ke3 Rag8 24. Rhg1 Rg6 25. Raf1 Qxb2 26. Rf7+ Ke8 27. Rxg6 Qb6+ 28. Nd4 1-0